00686nam a22001937a 4500001001000000003000500010005001700015008004100032010001000073011001000083035001000093040000900103110008400112245011600196260004100312300001000353650004200363711008700405000041462CHAP20220329135657.0971013s1967 r 00010 d a40404 a41376 a45502 cCHAP2 aENA. Colegio de Postgraduados. Chapingo, Méx. Centro de Economía Agrícola10aEstadísticas del crédito agrícola ; memoria del seminario sobre estadística del crédito agrícola... aChapingo, Méx. :bEl autor,c1967. a71 p.14aCrédito agrícolaxEstadísticas.0 aSeminario sobre Estadísticas del Crédito Agrícola. (1967 : Chapingo, Méx.)